000 00297nam a22001337a 4500
003 SGT
082 _a617.525
_bA17B
100 _aBHATI, GAURAV
245 _aASTUDY OF VERSATILITY OF MYOMUCOSAL
260 _aSGTU
_c2017
300 _a56
650 _aOREL MAXILOFACIAL SURGERY
942 _2ddc
_cTH
999 _c20577
_d20577